| 000 | 00649nam a2200229Ia 4500 | ||
|---|---|---|---|
| 003 | OSt | ||
| 005 | 20220926014034.0 | ||
| 006 | a|||||r|||| 00| 0 | ||
| 007 | ta | ||
| 008 | 220923b |||||||| |||| 00| 0 eng d | ||
| 037 | _cGeneral Book | ||
| 040 |
_aRTL _cRTL _beng |
||
| 041 |
_2eng _aeng |
||
| 082 | _aV2,31p2,N78, L8,18 | ||
| 110 |
_aINDIA, LOK SABHA (5TH Session) _9303435 |
||
| 245 | 0 | _aLok Sabha debates | |
| 260 |
_aNew York _bLok Sabha secretariat _c1978 |
||
| 300 |
_a152p _ccm. |
||
| 700 |
_aINDIA, LOK SABHA (5TH Session) _9303436 |
||
| 942 |
_hV2,31p2,N78, L8,18 _cGB _2CC |
||
| 999 |
_c627589 _d627589 |
||